LEADER 00979nam a2200229 i 4500 001 000000172077 003 CaOOAMICUS 005 20080526000000.0 008 080526n it u000 u ita u 013 $a149514 040 $aSeMil$bita 100 1 $aHeine, Heinrich,$d<1797-1856>.$0(OLS)http://semarc/name/7584 245 10$aChe cosa è la Germania :$banalisi e profezie /$cEnrico Heine ; Traduzione e Prefazione di Enrico Somaré. 260 $aMilano :$bSonzogno,$c1915[?] 300 $a252 p. ;$c18 cm. 490 0 $aBiblioteca classica economica 700 1 $aSomaré, Enrico <1889-1953>.$0(OLS)http://semarc/name/7152 830 0$aBiblioteca classica economica.$0(OLS)http://semarc/title/8379 850 $aSeMil 852 $aSeMil$W1$xVenegono$y1$m1W IV 118$j233648$B122939$CSeMilBibl$Z2$F134257 $81 996 $6245$aChe cosa è la Germania :$banalisi e profezie$9(OLS)http://semarc/title/246335 996 $6260$aMilano :$bSonzogno$9(OLS)http://semarc/publisher/31743 LEADER 00805nam a2200205 i 4500 001 000000189331 003 CaOOAMICUS 005 20100507000000.0 008 100507s1930 fr u000 u fre u 013 $a167604 040 $aSeMil$bita 100 1 $aLoisy, Alfred,$d<1857-1940>.$0(OLS)http://semarc/name/2547 245 10$a1857-1900 /$cAlfred Loisy. 260 $aParis :$bNourry,$c1930. 300 $a589 p. ;$c25 cm. 773 0 $aLoisy, Alfred <1857-1940>$tMémoires pour servir à l'histoire religieuse de notre temps.$dParis : É. Nourry, 1930-1931.$gTome1$w()5982 850 $aSeMil 852 $aSeMil$W1$xVenegono$y1$m2X V 30$j139962$B139962$CSeMilBibl$Z2$F151566 $81 996 $6245$a1857-1900$9(OLS)http://semarc/title/272600 996 $6260$aParis :$bNourry$9(OLS)http://semarc/publisher/40542